000 00802nam a2200241Ia 4500
003 GCL
008 140319s9999 xx 000 0 ara d
040 _aGCL /
_cGCL
082 0 4 _a189.9
_bو ف
100 1 _aصبحى حديدى
245 1 0 _aالفكر السياسى الاسلامى '' المفاهيم الاساسية '' /
_cصبحى حديدى
700 1 _aوات ، مؤنتغمرى
250 _aالاولى
260 _aبيروت :
_bدار الحداثة ،
_c1981
300 _a192 ص ؛
_c19 سم
650 0 4 _aالفكر الاسلامى
650 0 4 _aالشيعة
650 0 4 _aالخلافة الراشدة
650 0 4 _aالفكر السياسى
650 0 4 _aالدولة الاسلامية - تاريخ
650 0 4 _aالاسلام والغرب
942 _2ddc
_cBK
999 _c54894
_d54894